000 00232nam a22001097a 4500
082 _222
245 _aCommunication electronics
250 _a2ed
260 _a Mcgraw-hill
_bI New Delhi
_c14
300 _a428p.;
_c24cm
942 _2ddc
_cEE
999 _c118
_d118